| 000 | 00721nam a2200205Ia 4500 | ||
|---|---|---|---|
| 005 | 20251020182615.0 | ||
| 008 | 200515s9999 xx 000 0 und d | ||
| 082 | _aSC/693.1(85)/P45-A | ||
| 110 | _aIninvi | ||
| 245 | 0 | _aNormas Técnicas de Edificación : albañilería | |
| 260 | _aLima | ||
| 260 | _c1982 | ||
| 300 | _a32 | ||
| 520 | _aNorma de albañilería aprobada, con el código E-70, incorporándola a las Normas Técnicas de edificación, que reemplaza en todas sus partes al capítulo 3 "Construcciones de Albañilería" de las Normas de Diseño Sismo-Resistente del Reglamento Nacional de Con | ||
| 650 | _aALBAÑILERIA | ||
| 650 | _aE-70 | ||
| 650 | _aNORMAS | ||
| 650 | _aPUB ININVI | ||
| 942 | _cLIB | ||
| 999 |
_c3474 _d3474 |
||